Identificación y evaluación de los recursos útiles y las competencias principales en las organizaciones públicas (Registro nro. 40991)
[ vista simple ]
| 000 -CABECERA | |
|---|---|
| Longitud fija campo de control | 01275naa a2200313 c 4500 |
| 001 - NÚMERO DE CONTROL | |
| Número de control | 40991 |
| 003 - IDENTIFICADOR DE NÚMERO DE CONTROL | |
| Identificador del número de control | ES-MaCES |
| 005 - FECHA Y HORA DE LA ÚLTIMA TRANSACCIÓN | |
| Fecha y hora de la última transacción | 20141221114203.0 |
| 008 - CAMPO FIJO DE DESCRIPCIÓN FIJA--INFORMACIÓN GENERAL | |
| Códigos de información de longitud fija | 101129n2010 sp d t 000 | spa d |
| 035 ## - NÚMERO DE CONTROL DEL SISTEMA | |
| Número de control del sistema | CES20100013318v |
| 040 ## - FUENTE DE CATALOGACIÓN | |
| Centro catalogador de origen | ES-MaCES |
| Lengua de catalogación | spa |
| Centro transcriptor | ES-MaCES |
| 100 1# - ENCABEZAMIENTO PRINCIPAL--NOMBRE PERSONAL | |
| Nombre de persona | Melián-González, Arturo |
| 9 (RLIN) | 18351 |
| 245 10 - MENCIÓN DE TÍTULO | |
| Título | Identificación y evaluación de los recursos útiles y las competencias principales en las organizaciones públicas |
| Mención de responsabilidad, etc. | Arturo Melián-González, Rosa Mª. Batista-Canino y Agustín Sánchez-Medina |
| 500 ## - NOTA GENERAL | |
| Nota general | Resumen |
| 650 #4 - ASIENTO SECUNDARIO DE MATERIA--TÉRMINO DE MATERIA | |
| Término de materia o nombre geográfico como elemento inicial | modelo econométrico |
| 9 (RLIN) | 29368 |
| 650 #4 - ASIENTO SECUNDARIO DE MATERIA--TÉRMINO DE MATERIA | |
| Término de materia o nombre geográfico como elemento inicial | capital humano |
| 9 (RLIN) | 29498 |
| 650 #4 - ASIENTO SECUNDARIO DE MATERIA--TÉRMINO DE MATERIA | |
| Término de materia o nombre geográfico como elemento inicial | estrategia de gestión |
| 9 (RLIN) | 30591 |
| 650 #4 - ASIENTO SECUNDARIO DE MATERIA--TÉRMINO DE MATERIA | |
| Término de materia o nombre geográfico como elemento inicial | fomento de recursos |
| 9 (RLIN) | 28724 |
| 650 #4 - ASIENTO SECUNDARIO DE MATERIA--TÉRMINO DE MATERIA | |
| Término de materia o nombre geográfico como elemento inicial | planificación |
| 9 (RLIN) | 27021 |
| 650 #4 - ASIENTO SECUNDARIO DE MATERIA--TÉRMINO DE MATERIA | |
| Término de materia o nombre geográfico como elemento inicial | transferencia de competencias |
| 9 (RLIN) | 30889 |
| 650 #4 - ASIENTO SECUNDARIO DE MATERIA--TÉRMINO DE MATERIA | |
| Término de materia o nombre geográfico como elemento inicial | administración pública |
| 9 (RLIN) | 27214 |
| 653 10 - TÉRMINO DE INDEXACIÓN--NO CONTROLADO | |
| Término no controlado | Administración-Instituciones públicas |
| 700 1# - ENCABEZAMIENTO SECUNDARIO--NOMBRE PERSONAL | |
| Nombre de persona | Sánchez-Medina, Agustín |
| 9 (RLIN) | 23291 |
| 700 1# - ENCABEZAMIENTO SECUNDARIO--NOMBRE PERSONAL | |
| Nombre de persona | Batista-Canino, Rosa Mª. |
| 9 (RLIN) | 7266 |
| 773 0# - ENTRADA DE DOCUMENTO FUENTE | |
| Título | Revista internacional de ciencias administrativas |
| Parte(s) relacionada(s) | vol. 76, no. 1 (marzo 2010){55/1074 R. 077786}; p. 109-126 |
| Número de control del registro relacionado | (ES-MaCES)26026 |
| Itemnumber del ítem fuente | 79539 |
| 902 ## - CES. TIPO DE DOCUMENTO | |
| Tipodoc (006$c Sirtex) | ART Artículo de revista |
| 942 ## - ELEMENTOS KOHA | |
| Fuente de clasificaión o esquema | Clasificación propia del CES |
| Koha [por defecto] tipo de item | Artículos (1982-2017) |
| Parte de clasificación | 6.3. |
No hay ítems disponibles.
